[Event "Catalunya-ch U14"]
[Site "Sabadell"]
[Date "2010.01.23"]
[Round "2"]
[White "Barbara Tor, Miquel"]
[Black "Rodriguez Prieto, Carlos"]
[Result "1-0"]
[WhiteElo "1700"]
[BlackElo "1700"]
[PlyCount "81"]
[EventDate "2010.01.16"]
[EventType "swiss"]
[EventRounds "6"]
[EventCountry "ESP"]
[SourceTitle "EXT 2024"]
[Source "ChessBase"]
[SourceDate "2023.10.10"]
[SourceVersion "1"]
[SourceVersionDate "2023.10.10"]
[SourceQuality "1"]

1. e4 e5 2. Nf3 Nc6 3. Nc3 Nf6 4. Bb5 Bb4 5. d3 d6 6. Bc4 Bg4 7. h3 Bxf3 8. Qxf3 Bxc3+ 9. bxc3 Na5 10. Bb3 Nxb3 11. cxb3 g6 12. Bg5 Nh5 13. Bxd8 Rxd8 14. 0-0 0-0 15. d4 exd4 16. cxd4 c5 17. dxc5 dxc5 18. Rfd1 Rc8 19. e5 Rfe8 20. Qxb7 Rb8 21. Qxa7 Ra8 22. Qxc5 Rf8 23. Qd5 Nf4 24. Qd2 g5 25. g3 Nxh3+ 26. Kg2 g4 27. f3 gxf3+ 28. Kxh3 Kh8 29. Qe3 f2 30. Qxf2 Rg8 31. Qf6+ Rg7 32. Rd8+ Rxd8 33. Qxd8+ Rg8 34. Qf6+ Rg7 35. Rd1 h5 36. Rd8+ Kh7 37. Rd7 Kg8 38. e6 fxe6 39. Rxg7+ Kh8 40. Rf7+ Kg8 41. Qg7# 1-0